[Event "GER-ch48 sf06 email"]
[Site "GER email"]
[Date "2016.04.03"]
[Round "?"]
[White "Rickert, Willi"]
[Black "Maetzig, Ralf"]
[Result "1/2-1/2"]
[WhiteElo "2043"]
[BlackElo "2082"]
[PlyCount "41"]
[EventDate "2016.??.??"]
[EventType "tourn (corr)"]
[EventRounds "12"]
[EventCountry "GER"]
[SourceTitle "Corr 2020"]
[Source "ChessBase"]
[SourceDate "2019.09.30"]
[SourceVersion "1"]
[SourceVersionDate "2019.09.30"]
[SourceQuality "1"]

1. Nf3 d5 2. c4 d4 3. g3 Nc6 4. Bg2 e5 5. 0-0 e4 6. Ne1 h5 7. d3 e3 8. fxe3 h4 9. Bxc6+ bxc6 10. Qa4 Qd6 11. gxh4 Bh3 12. Rf4 Qg6+ 13. Kf2 0-0-0 14. exd4 Nf6 15. Nd2 Ng4+ 16. Rxg4 Qxg4 17. Ndf3 Bd6 18. Qxc6 Bxh2 19. Qa8+ Kd7 20. Qd5+ Kc8 21. Qa8+ 1/2-1/2

[Event "GER-ch 2014-C-V6 serv"]
[Site "GER email"]
[Date "2014.07.08"]
[Round "?"]
[White "Koch, Hans Georg"]
[Black "Rickert, Willi"]
[Result "1-0"]
[WhiteElo "2076"]
[BlackElo "2030"]
[PlyCount "123"]
[EventDate "2014.07.10"]
[EventType "tourn (corr)"]
[EventRounds "6"]
[EventCountry "GER"]
[SourceTitle "Corr 2015"]
[Source "ChessBase"]
[SourceDate "2015.07.17"]
[SourceVersion "1"]
[SourceVersionDate "2015.07.17"]
[SourceQuality "1"]

1. Nf3 d5 2. g3 Bg4 3. Bg2 Nd7 4. c4 e6 5. cxd5 exd5 6. 0-0 Ngf6 7. h3 Bh5 8. d4 c6 9. Nc3 Bd6 10. Qb3 Qb6 11. Qxb6 axb6 12. Nh4 0-0 13. g4 Bg6 14. Nxg6 hxg6 15. g5 Nh5 16. e3 b5 17. b3 Bb4 18. Bd2 Ba3 19. Rab1 Nb6 20. Rfd1 Kh7 21. h4 Nc8 22. e4 dxe4 23. Nxe4 Rd8 24. Be3 Ne7 25. b4 Nd5 26. Nc5 Nhf4 27. Bf3 b6 28. Nb7 Rd7 29. Bxf4 Rxb7 30. Bd2 Rd7 31. Re1 Ra4 32. Bxd5 Rxd5 33. Re8 Rxd4 34. Rbe1 Rd6 35. Bc3 Re6 36. R1xe6 fxe6 37. Re7 Bxb4 38. Rxg7+ Kh8 39. Bf6 Bf8 40. Rxg6+ Kh7 41. h5 Rh4 42. Rh6+ Bxh6 43. g6+ Kg8 44. Bxh4 c5 45. Kf1 Bf8 46. Bd8 Kg7 47. Bxb6 Kh6 48. Ke2 Kxh5 49. Bxc5 Bg7 50. Kd1 Kxg6 51. Kc2 Kf7 52. Kb3 Bf6 53. Kb4 Ke8 54. f3 Bd8 55. Kxb5 Kd7 56. a4 Kc8 57. a5 Kb8 58. a6 Bf6 59. Kc6 Bc3 60. Kd6 e5 61. Ke6 Bd4 62. Kd5 1-0